000 00514nam a2200217Ia 4500
003 0100
008 130303s9999 xx 000 0 und d
040 _cARRUPELIB
050 _aBJ1012.F73 1976
100 _aFrankena, William K
245 _aPerspectives on morality
245 _bessays
260 _aNotre Dame
260 _bUniversity of Notre Dame Press
260 _C1976
300 _a244p.
300 _b 24 cm.
650 _aETHICS
700 _aGoodpaster, Kenneth E. (ed.)
942 0 0 _08
999 _c29072
_d29072